Normal view
MARC view
Entry Personal Name
001 - CONTROL NUMBER
- control field: 81243
003 - CONTROL NUMBER IDENTIFIER
- control field: OSt
005 - DATE AND TIME OF LATEST TRANSACTION
- control field: 20211016143857.0
008 - FIXED-LENGTH DATA ELEMENTS
- fixed length control field: 211016|| aca||aabn | a|a d
040 ## - CATALOGING SOURCE
- Original cataloging agency: OSt
- Transcribing agency: OSt
100 ## - HEADING--PERSONAL NAME
- Personal name: Ed.Bahadure,Shailesh
670 ## - SOURCE DATA FOUND
- Source citation: Work cat.: (OSt)64510: Ed.Bahadure,Shailesh, Writing The Times, 2016









